| 000 | 00948nac a22003011u 4500 | ||
|---|---|---|---|
| 003 | EG-ScBUE | ||
| 005 | 20220808093041.0 | ||
| 008 | 200219r20112002enka f 000 0 eng d | ||
| 020 | _a9780194243957 | ||
| 040 |
_aEG-ScBUE _beng _erda _cEG-ScBUE _dEG-ScBUE |
||
| 082 | 0 | 4 |
_a428.64 _bMCL _222 |
| 100 | 1 |
_aMcLean, Alan C., _eauthor. _937547 |
|
| 245 | 1 | 0 |
_aFrom the heart / _cAlan C. McLean. |
| 250 | _aReprinted edition. | ||
| 264 | 1 |
_aOxford ; _aNew York : _bOxford University Press, _c2011. |
|
| 300 |
_a44 pages : _bcolor illustrations ; _c15 cm. |
||
| 336 |
_2rdacontent _atext _btxt |
||
| 337 |
_2rdamedia _aunmediated _bn |
||
| 338 |
_2rdacarrier _avolume _bnc |
||
| 490 | 0 |
_aDominoes; _v1 |
|
| 500 | _aDistributer: Baccah. | ||
| 650 | 7 |
_aChildren's stories, English. _2BUEsh _940119 |
|
| 650 | 7 |
_aReaders for new literates. _2BUEsh |
|
| 651 | _2BUEsh | ||
| 653 | _bHHUUEENN | ||
| 655 |
_vReading book _934232 |
||
| 942 |
_cBB _2ddc |
||
| 999 |
_c8786 _d8786 |
||